| 000 | 01181nam a2200325 a 4500 | ||
|---|---|---|---|
| 001 | 38548 | ||
| 003 | BD-RjUL | ||
| 005 | 20211209052821.0 | ||
| 008 | 151229s19881962enk 000 0 eng d | ||
| 035 | _a(CStRLIN)NYCG86-B33707 | ||
| 035 | _a(BD-RjUL)38653 | ||
| 040 |
_aNNC _cNNC _beng _dBD-RjUL |
||
| 041 | _aeng | ||
| 082 |
_223 _a822.33 _bSHM 1988 |
||
| 090 |
_aPR2823.A2 _bM78 1972 |
||
| 100 | 1 |
_aShakespeare, William, _d1564-1616. _9118980 |
|
| 245 | 1 | 0 |
_aMacbeth / _cWilliam Shakespeare; edited by Kenneth Muir. |
| 250 | _aUniversity pbk. | ||
| 260 |
_aLondon : _bMethuen ; _cc1962,1984, _c[reprint 1994] |
||
| 300 |
_alxv, 190 p. ; _c21 cm. |
||
| 490 | 1 | _aArden edition of the works of William Shakespeare | |
| 490 | 1 | _aArden Shakespeare | |
| 500 | _aAt head of title: The Arden edition of of the works of William Shakespeare. | ||
| 500 | _a"Reprinted with corrections 1972"--T.p. verso. | ||
| 504 | _aIncludes bibliographical references. | ||
| 600 |
_aShakespeare, William, _d1564-1616. _tMacbeth. _9242644 |
||
| 600 |
_aMacbeth, _cKing of Scotland, _dactive 11th century _xJuvenile drama. _9242645 |
||
| 700 | 1 |
_aMuir, Kenneth. _9242646 |
|
| 942 |
_2ddc _cBK |
||
| 999 |
_c38548 _d38548 |
||